LEADER 01483nam a2200265 i 4500 001 000000028522 003 CaOOAMICUS 005 20201006142505.0 008 180830s18431846it u000 u ita u 040 $aSeMil$bita 110 2 $aArcidiocesi di Milano.$0(OLS)http://semarc/name/400 245 10$aActa Ecclesiae Mediolanensis a sancto Carolo cardinali S. Praxedis archiep. Mediolan. condita, Federici cardinalis Borromaei archiepiscopi Mediolani /$cjussu undique diligentius collecta Carolo Cajetano archiepiscopo cardinali De Gaisruck adprobante rursus edita. 264 1$aMediolani :$bEdente Paulo Pagnonio,$c1843-1846. 300 $a2 v. (1796, VII p.) ;$c32 cm. 500 $aConsistenza: 3 copie dell'intera opera 650 4$aMilano (Arcidiocesi) - Legislazione.$0(OLS)http://semarc/subject/917 700 1 $aGaisruck, Karl Kajetan : von,$d<1769-1846>.$0(OLS)http://semarc/name/4068 700 1 $aBorromeo, Carlo,$c.$0(OLS)http://semarc/name/3012 700 1 $aBorromeo, Federico,$c.$0(OLS)http://semarc/name/3156 774 0 $tTomus 1.$w()256318 774 0 $tTomus 2.$w()256319 941 1 $a4 996 $6245$aActa Ecclesiae Mediolanensis a sancto Carolo cardinali S. Praxedis archiep. Mediolan. condita, Federici cardinalis Borromaei archiepiscopi Mediolani$9(OLS)http://semarc/title/38722 996 $6264$aMediolani :$bEdente Paulo Pagnonio$9(OLS)http://semarc/publisher/37785 LEADER 01278nam a2200277 i 4500 001 000000198287 003 CaOOAMICUS 005 20110228000000.0 008 110228s1966 it u000 u ita u 013 $a176975 040 $aSeMil$bita 100 1 $aBucharin, Nikolaj Ivanovic.$0(OLS)http://semarc/name/71757 240 10$aMirovoe Choziajstvo i Imperialism.$0(OLS)http://semarc/title/286477 245 12$aL'economia mondiale e l'imperialismo /$cNikolaj Ivanovic Bucharin ; prefazione di V. I. Lenin ; introduzione di Paolo Santi. 260 $aRoma :$bSamoną e Savelli,$ccopyr. 1966. 300 $a340 p. ;$c21 cm. 490 0 $aCultura politica ;$v7 650 4$aImperialismo.$0(OLS)http://semarc/subject/2583 650 4$aEconomia mondiale.$0(OLS)http://semarc/subject/18557 700 1 $aSanti, Paolo.$0(OLS)http://semarc/name/71758 700 1 $aLenin, Vladimir Il?i?,$d<1870-1924>.$0(OLS)http://semarc/name/14277 830 0$aCultura politica ;$v7.$0(OLS)http://semarc/title/18270 850 $aSeMil 852 $aSeMil$W1$xVenegono$y1$m3L II 165$j148843$B148843$CSeMilBibl$Z2$F160262 $81 996 $6245$aL'economia mondiale e l'imperialismo$9(OLS)http://semarc/title/286476 996 $6260$aRoma :$bSamoną e Savelli$9(OLS)http://semarc/publisher/31756